Online Catalogue and eLibrary

Bikshuni sasanaya (Record no. 808)

MARC details
000 -LEADER
fixed length control field 00380nam a2200157Ia 4500
005 - DATE AND TIME OF LATEST TRANSACTION
control field 20250514010323.0
008 - FIXED-LENGTH DATA ELEMENTS--GENERAL INFORMATION
fixed length control field 240331s9999 xx 000 0 und d
082 ## - DDC Classification
Class No. 200.042
Item Number - Author Mark URU
100 ## - MAIN ENTRY--PERSONAL NAME
Personal name Urugamuwe Wangeesa, Himi
245 #0 - TITLE STATEMENT
Title Bikshuni sasanaya
260 ## - PUBLICATION, DISTRIBUTION, ETC.
Place of publication, distribution, etc. Colombo
Name of publisher, distributor, etc. Sridevi Publication
Date of publication, distribution, etc. 1986
300 ## - PHYSICAL DESCRIPTION
Extent (e.g. Volumes, Pages etc.) 164 p .,
650 ## - SUBJECT ADDED ENTRY--TOPICAL TERM
Topical term or geographic name entry element Buddhism
650 ## - SUBJECT ADDED ENTRY--TOPICAL TERM
Topical term or geographic name entry element History
942 ## - Koha item type (Biblio)
Koha item type Books in Stacks (Lending)
Holdings
Lost status Damaged status Collection code Home library Current library Shelving location Date acquired Full call number Accession Number Item type
    Lending WERC Library WERC Library Social Science Cupboard 03/31/2024 200.042 URU 1085 Books in Stacks (Lending)

© WERC Library